[Event "NED-chB sf"]
[Site "Leeuwarden"]
[Date "2001.11.18"]
[Round "1.4"]
[White "Fabriek, Edwin"]
[Black "Koning, Peter"]
[Result "1-0"]
[WhiteElo "1762"]
[BlackElo "1728"]
[PlyCount "109"]
[EventDate "2001.11.17"]
[EventType "k.o."]
[EventRounds "3"]
[EventCountry "NED"]
[SourceTitle "EXT 2003"]
[Source "ChessBase"]
[SourceDate "2002.11.25"]
[SourceVersion "1"]
[SourceVersionDate "2002.11.25"]
[SourceQuality "1"]

1. e4 c5 2. Nf3 Nc6 3. d4 cxd4 4. Nxd4 e5 5. Nf3 Nf6 6. Nc3 Bb4 7. Bg5 d6 8. Qd3 h6 9. Bd2 0-0 10. a3 Ba5 11. Be2 a6 12. 0-0 Bg4 13. h3 Be6 14. b4 Bb6 15. Na4 Ba7 16. c4 b5 17. cxb5 axb5 18. Nb2 Nd4 19. Nxd4 Bxd4 20. Bc3 Bxc3 21. Qxc3 Nxe4 22. Qd3 d5 23. Qxb5 Qg5 24. Qd3 Rac8 25. Bg4 Rc3 26. Qe2 f5 27. Bf3 Nd2 28. Kh1 Nxf1 29. Rxf1 e4 30. Na4 Rc6 31. Nc5 exf3 32. Qxf3 Bf7 33. Rd1 Rfc8 34. a4 Rxc5 35. bxc5 Rxc5 36. Qd3 Rc1 37. a5 Rxd1+ 38. Qxd1 Qe7 39. a6 Qa7 40. Qd3 g6 41. Qb5 Qxf2 42. Qb8+ Kg7 43. a7 Qxa7 44. Qxa7 g5 45. Qd4+ Kg6 46. Kg1 h5 47. g3 g4 48. h4 Be6 49. Kf2 Kf7 50. Ke3 Kg6 51. Kf4 Bf7 52. Qe5 Kh7 53. Kxf5 Bg6+ 54. Kf6 Be4 55. Qe7+ 1-0